00850cam a2200229 45000010005000000030008000050050017000130080039000300350018000690400040000870410008001270820026001351000047001612450096002082600052003043000026003565040030003826500064004126500057004766500049005337000038005822658BD-RjUL20211208233609.013121 s1967 ilu b 000 0 eng a(BD-RjUL)2685 aDLCcDLCdDLCdMoSU-LdBD-RjULbeng aeng00a350.174221bWAP 19671 aWarner, Kenneth O.q(Kenneth Oren),d1904-10aPublic management at the bargaining table /c[by] Kenneth O. Warner [and] Mary L. Hennessy. aChicago :bPublic Personnel Association,c1967. axiv, 490 p. ;c24 cm. aBibliography: p. 435-474. 0aCollective bargainingxGovernment employeeszUnited States. 0aCollective bargainingxGovernment employeeszCanada. 0aEmployee-management relations in government.1 aHennessy, Mary L.,ejoint author.